| 000 | 02162cam a22004574i 4500 | ||
|---|---|---|---|
| 003 | PE-LiUPU | ||
| 005 | 20250731165359.0 | ||
| 008 | 150923s2005 pe grm 000 0 spa d | ||
| 035 | _a(Sirsi) a154582 | ||
| 040 |
_aPE-LiUPU _bspa _cPE-LiUPU _erda |
||
| 099 |
_aTE 3 _bF38 2005 |
||
| 100 | 1 |
_aFernández Rojas, Joel Hugo _EAUTOR |
|
| 245 | 1 | 3 |
_aLa calidad de información de la Biblioteca Virtual especializada y el impacto académico en las asignaturas de ingeniería de sistemas en la Universidad Peruana Unión / _cJoel Hugo Fernández Rojas. |
| 264 | 0 | _c2005. | |
| 300 |
_a135 hojas _c30 cm |
||
| 336 |
_atext _2rdacontent |
||
| 337 |
_aunmediated _2rdamedia |
||
| 338 |
_avolume _2rdacarrier |
||
| 502 |
_aTesis _b(Mg.) -- _cUniversidad Peruana Unión, _d2005. |
||
| 504 | _aIncluye referencias | ||
| 520 | 3 | _aSobre el devenir de las tecnologías de información ha hecho que los servicios informáticos se conviertan en más eficientes, en respuesta a los requerimientos de información, así es como surgen las bibliotecas virtuales: esta investigación nos ha empujado a indagar medios de obtención de información eficientes en el tiempo y espacio. La información que se obtiene debe ser exacta (estar libre de errores, estar en forma clara y precisa, y ser fidedigna y puntual), oportuna (ser apropiada, pertinente y disponible a los requerimientos) relevante (ser importante, útil y suficientemente amplia), para que pueda ser de calidad y así producir en el estudiante un impacto académico que pueda influir en su aprendizaje. | |
| 526 | _aSEG44 | ||
| 526 | _aSEG26 | ||
| 526 | _aP151 | ||
| 526 | _aP150 | ||
| 526 | _aP149 | ||
| 526 | _aP146 | ||
| 526 | _aP145 | ||
| 526 | _aP126 | ||
| 526 | _aP125 | ||
| 526 | _aP92 | ||
| 526 | _aP75 | ||
| 526 | _aP74 | ||
| 526 | _aP27 | ||
| 526 | _aP15 | ||
| 650 | 0 | 4 |
_aBibliotecas virtuales _xCalidad. |
| 610 | 2 |
_aUniversidad Peruana Unión _xBibliotecas virtuales. |
|
| 596 | _a1 | ||
| 942 |
_2ddc _cTESIS |
||
| 999 |
_aTE 3 F38 2005 _wALPHANUM _c7283 _iT00226 _lCCODEBUL3 _mBUL _r1 _sY _tTESIS _u2015-9-23 _xPOSGRADO _PP57 _o.STAFF. Tesis _d7283 |
||
| 980 |
_81 _gALBERTO SANCHEZ Responsable de Automatización |
||